000 00565nam a2200193Ia 4500
008 130821s2001 sp gr spa
020 _a8497330838
040 _aCo-BoUCM
_bspa
041 0 0 _aspa
245 0 3 _aEl corán
_ctraducción de Amín Fernando
250 _a3a. ed.
260 _aBarcelona (España)
_bFapa Ediciones
_c2001
300 _a492 páginas
650 0 4 _aCorán
_vLibros sagrados
_911987
650 0 4 _aIslamismo
_918035
650 0 4 _aTeología
_925230
942 _cLIBRO
_a4
_e3
_mC788
_2DEWEY
_h297.122
999 _c56086
_d56086